Music Quiz

Random Music or Song Quiz

RIAA Songs of the Century (1970s) Quiz Stats

 Plays Quiz Updated Oct 16, 2019

Score 0/65 Timer 15:00
0 Plays Today
Artist Song / Album % Correct
Don McLeanAmerican Pie
90.3%
John LennonImagine
77.1%
EaglesHotel California
75.3%
Village PeopleY.M.C.A.
69.9%
AbbaDancing Queen
68.2%
Led ZeppelinStairway to Heaven
64.8%
Van MorrisonBrown Eyed Girl
64.5%
Bruce SpringsteenBorn to Run
63.1%
Gloria GaynorI Will Survive
61.4%
Lynyrd SkynyrdFree Bird
61.1%
Billy JoelPiano Man
60.7%
Charlie Daniels BandThe Devil Went Down to Georgia
57.4%
Derek & The DominosLayla
56.2%
The Bee GeesStayin' Alive
56.2%
Jimmy BuffettMargaritaville
54%
QueenWe Will Rock You / We Are the Champions
51.6%
Carly SimonYou're So Vain
50.6%
Rod StewartMaggie May
49.8%
Three Dog NightJoy to the World
45.7%
James TaylorFire and Rain
43.5%
Kenny RogersThe Gambler
42.4%
Stevie WonderSuperstition
42.3%
Harry ChapinCat's in the Cradle
41.9%
Isaac HayesTheme From 'Shaft'
40.2%
AerosmithWalk This Way
37.7%
Sister SledgeWe Are Family
37.7%
Gladys Knight & The PipsMidnight Train to Georgia
36.5%
Movie soundtrack (album)Grease
35.1%
Roberta FlackKilling Me Softly With His Song
34%
Joni MitchellBig Yellow Taxi
33.1%
Helen ReddyI Am Woman
33.1%
Marvin GayeWhat's Going On
31.5%
Bill WithersLean On Me
31.3%
Artist Song / Album % Correct
Fleetwood MacGo Your Own Way
31.1%
The Jackson 5I Want You Back
30.1%
Elton JohnGoodbye Yellow Brick Road
30.1%
Loretta LynnCoal Miner's Daughter
29.6%
Neil YoungHeart of Gold
29.6%
Edwin StarrWar
29.5%
Allman Brothers BandRamblin' Man
28.9%
Al GreenLet's Stay Together
28.5%
The Carpenters(They Long To Be) Close to You
28.1%
Jim CroceTime in a Bottle
25.7%
Crosby,Stills, Nash & YoungOhio
23.7%
K.C. & The Sunshine BandThat's the Way (I Like It)
22%
Johnny NashI Can See Clearly Now
21.8%
Carole KingIt's Too Late / I Feel the Earth Move
21.2%
SantanaOye Como Va
19.2%
Barbra StreisandThe Way We Were
19.1%
Miles Davis (album)Bitches Brew
18.3%
ChicagoSaturday in the Park
17.8%
John DenverTake Me Home Country Roads
16%
Charlie RichBehind Closed Doors
13.9%
NilssonEverybody's Talkin'
13.5%
Stevie WonderYou Are the Sunshine of My Life
11.8%
Donna SummerShe Works Hard for the Money
10.8%
Harold Melvin & the Blue NotesIf You Don't Know Me By Now
9.2%
Waylon Jennings & Willie NelsonMamas Don't Let Your Babies Grow Up To Be Cowboys
8.9%
The Grateful DeadUncle John's Band
6.2%
Weather ReportBirdland
5.8%
Linda RonstadtWhen Will I Be Loved
5.3%
The Staple SingersRespect Yourself
4.1%
George BensonThis Masquerade
4.1%
Shirley CaesarNo Charge
0.8%
Thomas Dorsey & Marion WilliamsTake My Hand Precious Lord
0.8%

You're not logged in!

Compare scores with friends on all Sporcle quizzes.
OR
Log In

Sporcle TV

Today on Sporcle TV


Watch our educational content, quiz creation guides, and fun videos on Sporcle TV.

Show Comments

Extras

Top Quizzes Today


Score Distribution

Your Account Isn't Verified!

In order to create a playlist on Sporcle, you need to verify the email address you used during registration. Go to your Sporcle Settings to finish the process.

Report this User

Report this user for behavior that violates our Community Guidelines.

Details: